Top 100 Indie Rock Bands - Statistics

General Stats
  • This quiz has been taken 702 times
  • The average score is 23 of 100
Answer Stats
# Songs Band % Correct
8. Do I Wanna Know?, 505 Arctic Monkeys
88%
1. There Is a Light That Never Goes Out, This Charming Man The Smiths
87%
2. Where Is My Mind?, Here Comes Your Man Pixies
82%
9. Seven Nation Army, Fell In Love With a Girl The White Stripes
82%
4. Last Nite, Reptilia The Strokes
81%
25. Take Me Out, No You Girls Franz Ferdinand
68%
35. Electric Feel, Kids MGMT
65%
34. Between The Bars, Say Yes Elliott Smith
62%
26. A-Punk, Campus Vampire Weekend
54%
10. In the Aeroplane Over the Sea, King of Carrot Flowers Pt.1 Neutral Milk Hotel
49%
38. Heads Will Roll, Maps Yeah Yeah Yeahs
49%
5. The Suburbs, Wake Up Arcade Fire
47%
27. I Wanna Be Adored, Fools Gold The Stone Roses
47%
53. Treehouse, Mary Alex G.
46%
18. Loser, E-Pro Beck
45%
30. Float On, Dashboard Modest Mouse
44%
3. Harness Your Hopes, Cut Your Hair Pavement
44%
70. Ruby, I Predict A Riot Kaiser Chiefs
38%
43. 1901, Lisztomania Phoenix
36%
64. Naive, She Moves In Her Own Way The Kooks
36%
17. Evil, Obstacle 1 Interpol
35%
41. Banquet, Helicopter Bloc Party
34%
50. Dance Yrself Clean, All My Friends LCD Soundsystem
33%
46. When the Sun Hits, Alison Slowdive
31%
19. Do You Realize??, She Don't Use Jelly The Flaming Lips
31%
24. Jesus, Etc., California Stars Wilco
30%
6. The Boy With the Arab Strap, Piazza, New York Catcher Belle & Sebastian
29%
29. Don't Look Back into the Sun, Can't Stand Me Now The Libertines
29%
15. New Slang, Australia The Shins
29%
13. I Will Follow You into the Dark, Soul Meets Body Death Cab For Cutie
28%
77. Fire, Club Foot Kasabian
27%
20. Fourth of July, Mysery of Love Sufjan Stevens
26%
65. Little Talks, Dirty Paws Of Monsters and Men
25%
11. Just Like Honey, April Skies The Jesus and Mary Chain
24%
48. Cannonball, No Aloha The Breeders
23%
99. Here It Goes Again, Get Over It OK Go
22%
31. Bohemian Like You, We Used To Be Friends The Dandy Warhols
22%
98. Kathleen, Cocoon Catfish & the Bottlemen
21%
44. First Day of My Life, Lua Bright Eyes
20%
12. Feel the Pain, Start Choppin' Dinosaur Jr.
20%
86. Young Folks, Second Chance Peter Bjorn & John
20%
91. Need 2, Angelina Pinegrove
20%
59. My Number, Mountain at My Gates Foals
19%
93. Such Great Heights, Sleeping In The Postal Service
19%
79. Greek Tragedy, Turn The Wombats
18%
72. Mind Over Matter, Cough Syrup Young the Giant
18%
81. The Funeral, No One's Gonna Love You Band of Horses
17%
37. Wolf Like Me, Happy Idiot TV on the Radio
17%
23. Movin' on Up, Rocks Primal Scream
16%
84. MY Girls, Summertime Clothes Animal Collective
15%
22. Carry the Zero, Goin' Against Your Mind Built to Spill
15%
49. Breadcrumb Trail, Good Morning, Captain Slint
15%
14. My Little Corner of the World, Autumn Sweater Yo La Tengo
15%
78. First, Hang Me Up To Dry Cold War Kids
14%
66. The Alcott, I Need My Girl The National
14%
7. Swingin Party, Can't Hardly Wait The Replacements
14%
80. If You Wanna, I Always Knew The Vaccines
14%
33. Anthems For A Seventeen Year-Old Girl, Sweetest Kill Broken Social Scene
12%
74. Lazy Eye, Panic Switch Silversun Pickups
12%
21. Game Of Pricks, Hot Freaks Guided By Voices
11%
57. Men's Needs, We Share the Same Skies The Cribs
11%
96. Avent Gardener, Pedestrian At Best Courtney Barnett
10%
36. The Underdog, Inside Out Spoon
10%
62. The Book of Love, All My Little Words The Magnetic Fields
10%
75. Red Eyes, Pain War on Drugs
10%
89. Always Like This, Shuffle Bombay Bicycle Club
9%
51. Sea of Love, The Greatest Cat Power
9%
83. Silver Lining, Dirty Love Mt. Joy
9%
63. Random Rules, How to Rent a Room Silver Jews
9%
52. Modern Girl, Dig Me Out Sleater-Kinney
9%
58. Happy Hour, Build The Housemartins
9%
67. The Skin of My Yellow Country Teeth, Satan Said Dance Clap Your Hands Say Yeah
8%
16. Don't Want to Know If You Are Lonely, Pink Turns to Blue Hüsker Dü
8%
71. Take the Skinheads Bowling, P Camper Van Beethoven
7%
32. Strange, Tugboat Galaxie 500
7%
85. 5 Years Time, Blue Skies Noah and the Whale
7%
40. Silver Lining, Portions for Foxes Rilo Kiley
7%
82. An Honest Mistake, Believe The Bravery
7%
68. Mariner's Revenge Song, July, July! The Decemberists
7%
54. I Need Some Sleep, That Look You Give That Guy Eels
6%
55. Why Can't I?, Supernova Liz Phair
6%
47. Corona, Viet Nam Minutemen
6%
95. Tenderness, Total Football Parquet Courts
6%
73. The High Road, The Ghost Inside Broken Bells
5%
87. French Navy, The Sweetest Thing Camera Obscura
5%
61. What Do You Want Me to Say?, A Life of Possibilities Dismemberment Plan
5%
42. Skull, License to Confuse Sebadoh
5%
90. Wish I Knew You, Soulfight The Revivalists
5%
88. Kennedy, Brassneck The Wedding Present
5%
56. What's Important, Indian Summer Beat Happening
4%
60. Streets of Your Town, Love Goes On! The Go-Betweens
4%
39. I'll Believe In Anything, Shine a Light Wolf Parade
4%
69. Formed A Band, Emily Kane Art Brut
3%
97. Algiers, Debonair The Afghan Whigs
3%
76. Stuck Between Stations, The Bear And the Maiden Fair The Hold Steady
3%
28. Challengers, Myriad Harbour The New Pornographers
3%
92. Me and Mia, Counting Down the Hours Ted Leo & the Pharmacists
2%
100. Where Does the Good Go, Closer Tegan and Sara
2%
45. Let's Go, Loveless Love The Feelies
2%
94. Jumping Fences, I Have Been Floated The Olivia Tremor Control
2%
No matching quizzes found
Score Distribution
Percent of People with Each Score
Percentile by Number Answered
Your Score History
You have not taken this quiz